Biblioteca

Seguiré tus pasos (Registro nro. 69204)

Detalles MARC
000 -LÍDER
Campo fijo de descripción fija 01858aam a2200337 i 4500
001 - NÚMERO DE CONTROL
Campo de control 768714001
003 - IDENTIFICADOR DEL NÚMERO DE CONTROL
Campo de control CO-MdFUSB
005 - FECHA Y HORA DE LA ULTIMA TRANSACCIÓN
control field 20250416163103.0
007 - CAMPO FIJO DE DESCRIPCIÓN FIJA--INFORMACIÓN GENERAL
Campo fijo de descripción fija ta
008 - ELEMENTOS DE LONGITUD FIJA -- INFORMACIÓN GENERAL
Campo fijo de descripción fija -- Información general 231024t2020 spa||||g |||| 00| 0 spa d
020 ## - NÚMERO INTERNACIONAL NORMALIZADO PARA LIBROS
Número Internacional Normalizado del libro 9788423357192
040 ## - FUENTE DE CATALOGACIÓN
Agencia de catalogación original CO-MdFUSB
Idioma de catalogación spa
Agencia que realiza la transcripción CO-MdFUSB
Agencia que realiza la modificación CO-MdFUSBC
Convenciones de la descripción rda
041 ## - CÓDIGO DE IDIOMA
Código de idioma para texto/pista de sonido o título separado spa
082 ## - NÚMERO DE CLASIFICACIÓN DECIMAL DEWEY
Número de la edición del Dewey 23
Número de clasificación 863.7
Clave de autor-Numero de item SA237
100 ## - ASIENTO PRINCIPAL--NOMBRE PERSONAL
Nombre personal Santos, Care,
Término relacionador autor
245 ## - TÍTULO
Título del Material Seguiré tus pasos
Mención de responsabilidad, etc. / Care Santos
250 ## - MENCIÓN DE EDICIÓN
Mención de edición Primera edición
264 #1 - PRODUCCIÓN, PUBLICACIÓN, DISTRIBUCIÓN, MANUFACTURA, Y COPYRIGHT
Lugar de producción, publicación, distribución, manufactura Barcelona, España :
Nombre del productor, publicador, distribuidor Áncora y Delfín,
Fecha de producción, publicación, distribución, manufactura, o copyright [2020]
264 #4 - PRODUCCIÓN, PUBLICACIÓN, DISTRIBUCIÓN, MANUFACTURA, Y COPYRIGHT
Fecha de producción, publicación, distribución, manufactura, o copyright ©2020
300 ## - DESCRIPCIÓN FÍSICA
Extensión 508 páginas
Dimensiones ; 24 cm
336 ## - TIPO DE CONTENIDO
Fuente rdacontent
Término de tipo de contenido texto
Código de tipo de contenido txt
337 ## - TIPO DE MEDIO
Fuente rdamedia
Nombre del tipo de medio sin mediación
Código del tipo de medio n
338 ## - TIPO DE SOPORTE
Fuente rdacarrier
Nombre del tipo de soporte volumen
Código Tipo de soporte nc
490 ## - MENCIÓN DE SERIE
Mención de serie Colección Áncora y Delfín,
520 ## - NOTA DE RESUMEN, ETC.
Nota de sumario, etc. Reina, una mujer acostumbrada a tomar sus propias decisiones, recibe una llamada inesperada que puede cambiarlo todo: ha aparecido una carta repleta de secretos que su destinataria nunca leyó y que revela una nueva verdad. Al mismo tiempo, alguien pretende abrir la tumba de su padre, José Gené, muerto en extrañas circunstancias hace más de cuarenta y cuatro años en un pueblo de los Pirineos. La historia de su padre, y de aquellos que lo rodearon, llevará a la protagonista hasta Conques, una pequeña localidad de la provincia de Lleida, pero también a un día de un pasado lejano, el 26 de enero de 1939, cuando las tropas de Franco tomaron Barcelona. Un día de vencedores y vencidos después del cual nada volvió a ser como antes. Care Santos reflexiona sobre la necesidad de conocer la auténtica verdad que esconde nuestro pasado en una novela absolutamente fascinante. Nunca estamos preparados para saberlo todo
563 ## - NOTA DE ENCUADERNACIÓN
Nota de encuadernación Pasta dura
650 #7 - ASIENTO SECUNDARIO DE MATERIA - TERMINO TEMÁTICO
Término temático o nombre geográfico como elemento de entrada Literatura española
Fuente del encabezamiento o término embne
9 (RLIN) 7089
653 ## - TÉRMINO DE INDIZACIÓN - NO CONTROLADO
Término no controlado Narrativa Literaria
942 ## - TIPO DE MATERIAL (KOHA)
Tipo de Item KOHA Libros General
945 ## - INFORMACIÓN LOCAL DEL REGISTRO
Catalogador sor1564
Existencias
Estado de Material Estado de Perdido Forma de Clasificación Estado de Dañado No para Préstamo Colección Biblioteca de Origen Biblioteca Permanente Fecha de Adquisición Área Total de Préstamos Signatura Topográfica Código de Barras Última vez visto Ejemplar/Existencia Fecha de Remplazo Tipo de Material
    Dewey Decimal Classification     Colección General Biblioteca FUSBC Biblioteca FUSBC 24/10/2023 LITERATURA   G 863.7 SA237s 22409 24/10/2023 Ej. 1 24/10/2023 Libros General

Biblioteca FUSBC | Teléfono: (57+4) 349 88 10 Ext. 141| WhatsApp (+57) 3005338115 
E-mail: biblioteca@unisbc.edu.co | Calle 76 87-14 Robledo Palenque, Medellín, Colombia

Con tecnología Koha